Los cuatro fines de Rotary (Record no. 7934)

MARC details
000 -CABECERA
campo de control de longitud fija 00778nam a2200229 a 4500
001 - NÚMERO DE CONTROL
campo de control BRCA_8266
005 - FECHA Y HORA DE LA ÚLTIMA TRANSACCIÓN
campo de control 20190320210213.0
008 - DATOS DE LONGITUD FIJA--INFORMACIÓN GENERAL
campo de control de longitud fija 060614s1946----mx-ac##f##---#000-0#spa-#
041 ## - CÓDIGO DE LENGUA
Código de lengua del texto/banda sonora o título independiente spa
044 ## - CÓDIGO DEL PAÍS DE LA ENTIDAD EDITORA/PRODUCTORA
Código MARC del país mx
050 #4 - SIGNATURA TOPOGRÁFICA DE LA BIBLIOTECA DEL CONGRESO
Número de clasificación HF5001
Número de documento/Ítem .R68 1946
245 10 - MENCIÓN DE TÍTULO
Título Los cuatro fines de Rotary
Resto del título [compendio de biografías de los integrantes de la Mesa Directiva]
Mención de responsabilidad, etc. Club Rotario de México.
260 ## - PUBLICACIÓN, DISTRIBUCIÓN, ETC.
Lugar de publicación, distribución, etc. México
Nombre del editor, distribuidor, etc. International Rotary Club
Fecha de publicación, distribución, etc. 1946
300 ## - DESCRIPCIÓN FÍSICA
Extensión 1 v. (sin paginación)
Otras características físicas il., retratos
Dimensiones 19 cm.
500 ## - NOTA GENERAL
Nota general En portada: Franz Mayer ´87
500 ## - NOTA GENERAL
Nota general S27
650 14 - PUNTO DE ACCESO ADICIONAL DE MATERIA--TÉRMINO DE MATERIA
Término de materia o nombre geográfico como elemento de entrada Asociaciones financieras
Subdivisión de forma Manuales
Subdivisión geográfica México
9 (RLIN) 20640
650 14 - PUNTO DE ACCESO ADICIONAL DE MATERIA--TÉRMINO DE MATERIA
Término de materia o nombre geográfico como elemento de entrada Asociaciones financieras
Subdivisión de forma Biografías
Subdivisión geográfica México
9 (RLIN) 20641
710 2# - PUNTO DE ACCESO ADICIONAL--NOMBRE DE ENTIDAD CORPORATIVA
Nombre de entidad corporativa o nombre de jurisdicción como elemento de entrada Club Rotario de México
9 (RLIN) 20642
902 ## - CATALOGADOR
Iniciales GFM
942 ## - ELEMENTOS DE PUNTO DE ACCESO ADICIONAL (KOHA)
Fuente del sistema de clasificación o colocación Library of Congress Classification
Tipo de ítem Koha Libros
Holdings
Estado de retiro Estado de pérdida Estado dañado No para préstamo Localización permanente Ubicación/localización actual Fecha de adquisición Número de inventario Total de préstamos Signatura topográfica completa Código de barras Fecha visto por última vez Precio válido a partir de Tipo de ítem Koha
El ejemplar forma parte de la colección y puede ser consultado según las políticas vigentes.       Biblioteca del Museo Franz Mayer (Rogerio Casas-Alatriste) Biblioteca del Museo Franz Mayer (Rogerio Casas-Alatriste) 06/06/2014 S27   HF5001 .R68 1946 (S27) 8890 22/03/2019 22/03/2019 Libros